Pop-LODVG - Estadísticas

Estadísticas generales
  • Esta prueba ha sido intentada 19 veces
  • La puntuación promedio es 152 de 179
Estadísticas de respuestas
Respuesta % Correcto
a
100%
de
100%
del
100%
diva
100%
Es
100%
la
100%
lo
100%
montón
100%
No
100%
nombre
100%
pop
100%
reina
100%
sin
100%
un
100%
Una
100%
una
100%
actúas
93%
bien
93%
Cantas
93%
Eres
93%
Escribes
93%
estudias
93%
francés
93%
haces
93%
ilusión
93%
olor
93%
pintas
93%
poemas
93%
todo
93%
tu
93%
93%
y
93%
al
86%
alcohol
86%
bonitas
86%
borrosa
86%
color
86%
cultura
86%
en
86%
facturas
86%
flor
86%
foto
86%
manos
86%
86%
Se
86%
talento
86%
te
86%
Tienes
86%
tienes
86%
artista
79%
cara
79%
como
79%
fácil
79%
ganar
79%
Has
79%
nacido
79%
nota
79%
poder
79%
vida
79%
abajo
71%
cambia
71%
mucho
71%
muy
71%
sabes
71%
verás
71%
admiro
64%
aquí
64%
dinero
64%
Firma
64%
gastar
64%
miro
64%
Piensa
64%
qué
64%
que
64%
también
64%
ayudó
57%
cuánto
57%
ese
57%
los
57%
quién
57%
vas
57%
debes
50%
dejes
50%
enseñó
50%
escucho
50%
mire
50%
nadie
50%
Nunca
50%
ojos
50%
olvides
50%
pasar
50%
aplaudo
43%
contigo
43%
estuvo
43%
mandar
36%
No se encontraron pruebas coincidentes
Distribución de puntuación
Porcentaje de gente con cada puntuación
Porcentaje por número respondido
Historial de tus puntuaciones
No has intentado esta prueba.